000 00715nam a2200229Ia 4500
005 20250425162510.0
008 250425s9999 xx 000 0 und d
020 _a9780130097101
041 _aeng
082 _a610.284
_pTEM
100 _aTemenoff, J. S.
245 0 _aBiomaterials
_bThe Intersection of Biology and Materials Science
_cJ. S. Temenoff, A. G. Mikos
260 _aEstados Unidos, New Jersey
_bPearson
_c2008
300 _a478 p.
_bIlustrado
_c26 cm
500 _aIncluye tabla de contenido, bibliografía, índice
650 _aBiomateriales
650 _aMateriales biocompatibles
650 _aMateriales biomédicos
902 _aMonográfico
_cImpreso
942 _c01
010 _a78385
999 _c230460
_d230460